Better land husbandry : (Record no. 18439)
[ view plain ]
| 000 -LEADER | |
|---|---|
| fixed length control field | 00581cam a22001814a 4500 |
| 020 ## - INTERNATIONAL STANDARD BOOK NUMBER | |
| ISBN | 1578082447 |
| 040 ## - CATALOGING SOURCE | |
| Transcribing agency | DLC |
| 082 00 - DEWEY DECIMAL CLASSIFICATION NUMBER | |
| Classification number | 631 SCI 2006 C145 Or. |
| 100 1# - MAIN ENTRY--AUTHOR NAME | |
| Personal name | Hellin, Jon, |
| 245 10 - TITLE STATEMENT | |
| Title | Better land husbandry : |
| Remainder of title | from soil conservation to holistic land management / |
| 260 ## - PUBLICATION, DISTRIBUTION, ETC. (IMPRINT) | |
| Place of publication | Enfield, NH : |
| Name of publisher | Science Publishers, |
| Year of publication | c2006 |
| 300 ## - PHYSICAL DESCRIPTION | |
| Number of Pages | xiv, 315 p., 8 p. of plates : |
| Other physical details | ill. (some col.), map ; |
| Dimensions | 24 cm |
| 490 1# - SERIES STATEMENT | |
| Series statement | Land reconstruction and management series ; |
| 650 #0 - SUBJECT ADDED ENTRY--TOPICAL TERM | |
| Topical Term | Soil conservation |
| 650 #0 - SUBJECT ADDED ENTRY--TOPICAL TERM | |
| Topical Term | Soil productivity |
| 650 #0 - SUBJECT ADDED ENTRY--TOPICAL TERM | |
| Topical Term | Land use, Rural |
| 942 ## - ADDED ENTRY ELEMENTS (KOHA) | |
| Koha item type | ADB |
| 952 ## - LOCATION AND ITEM INFORMATION (KOHA) | |
| Withdrawn status [LOCAL, KOHA] | 0 |
| Source of acquisition | Permanent Location | Date acquired | Koha item type | Lost status | Shelving location | Current Location | Full call number |
|---|---|---|---|---|---|---|---|
| A38989 | Library Block C | 2019-11-29 | សៀវភៅភាសាអង់គ្លេស | C145 | Library Block C | 631 SCI 2006 C145 Or. |